|
|
|
|
| LEADER |
01005nam a2200253 a 4500 |
| 001 |
11986484 |
| 008 |
101013r20042001enka b 001 0 eng d |
| 010 |
|
|
|a 00031267
|
| 020 |
|
|
|a 0521791553
|
| 020 |
|
|
|a 0521795354
|
| 040 |
|
|
|a DLC
|c DLC
|d DLC
|d BD-DhAAL
|
| 082 |
0 |
0 |
|a 417/.7
|2 21
|
| 100 |
1 |
|
|a Aitchison, Jean,
|d 1938-
|
| 245 |
1 |
0 |
|a Language change :
|b progress or decay? /
|c Jean Aitchison.
|
| 250 |
|
|
|a 3rd ed.
|
| 260 |
|
|
|a Cambridge [England] ;
|a New York :
|b Cambridge University Press,
|c c2001.[Third printing 2004]
|
| 300 |
|
|
|a xi, 312 p. :
|b ill. ;
|c 21 cm.
|
| 490 |
0 |
|
|a Cambridge approaches to linguistics
|
| 504 |
|
|
|a Includes bibliographical references (p. 281-303) and index.
|
| 541 |
|
|
|e 00021315
|
| 650 |
|
0 |
|a Linguistic change.
|
| 852 |
4 |
|
|a Ayesha Abed Library
|j General shelf
|
| 999 |
|
|
|c 9784
|d 9784
|
| 952 |
|
|
|0 0
|1 0
|2 ddc
|4 0
|6 417_700000000000000_AIT_2004
|7 0
|9 12460
|a BRACUL
|b BRACUL
|c GEN
|d 2010-10-13
|e Trim Education
|g 1750.00
|l 4
|m 8
|o 417.7 AIT
|p 3010021315
|r 2019-04-23
|s 2018-04-24
|t 1
|w 2010-10-13
|y BK
|